Vista normal
Vista MARC
Entrada Materia (personas)
Número de registros utilizados en: 1
001 - CONTROL NUMBER
- control field: 73053
003 - CONTROL NUMBER IDENTIFIER
- control field: Co-BoUCM
005 - DATE AND TIME OF LATEST TRANSACTION
- control field: 20151103085010.0
008 - FIXED-LENGTH DATA ELEMENTS
- fixed length control field: 151103|| aca||aabn | a|a d
040 ## - CATALOGING SOURCE
- Original cataloging agency: Co-BoUCM
- Transcribing agency: Co-BoUCM
100 ## - HEADING--PERSONAL NAME
- Personal name: Vanolli, Héctor
- Relator term: editor
670 ## - SOURCE DATA FOUND
- Source citation: Work cat.: (Co-BoUCM)301866: Campañas electorales, ventajismo y reelección presidencial en América Latina , 2014